RAPD analysis of monoclonal and polyclonal seedlings of Hevea brasiliensis (Record no. 53112)

MARC details
000 -LEADER
fixed length control field 00433nam a2200121Ia 4500
100 ## - MAIN ENTRY--AUTHOR NAME
Personal name Sobhana P
245 #0 - TITLE STATEMENT
Title RAPD analysis of monoclonal and polyclonal seedlings of Hevea brasiliensis
260 ## - PUBLICATION, DISTRIBUTION, ETC. (IMPRINT)
Name of publisher Recent Trends in Horticultural Biotechnology (Eds. R. Keshvachandran), New India Publishing Agency, New Delhi, pp. 531-535.
700 ## - ADDED ENTRY--PERSONAL NAME
Personal name Jacob J
700 ## - ADDED ENTRY--PERSONAL NAME
Personal name Thomas M
942 ## - ADDED ENTRY ELEMENTS (KOHA)
Koha item type Bibliography STAF
Holdings
Withdrawn status Lost status Damaged status Not for loan Home library Current library Date acquired Koha item type
      Bibliography RRII Library RRII Library 09/04/2014 Bibliography STAF